Quick Fire Capitals#2 - Statistics

General Stats
  • This quiz has been taken 7 times
  • The average score is 8 of 10
Answer Stats
Capital Answer % Correct
Copenhagen Denmark
100%
Helsinki Finland
100%
Paris France
100%
Riyadh Saudi Arabia
100%
Baku Azerbaijan
71%
Riga Latvia
71%
Skopje Macedonia
71%
Luanda Angola
57%
Suva Fiji
57%
Bamako Mali
57%
No matching quizzes found
Score Distribution
Percent of People with Each Score
Percentile by Number Answered
Your Score History
You have not taken this quiz